[Event "ISL-ch"]
[Site "?"]
[Date "1993.??.??"]
[Round "1"]
[White "Jonsson, Bjorgvin"]
[Black "Bjornsson, Tomas"]
[Result "1/2-1/2"]
[WhiteElo "2405"]
[BlackElo "2290"]

1.e4 e6 2.d4 d5 3.Nc3 Nf6 4.e5 Nfd7 5.f4 c5 6.Nf3 Nc6 7.Be3 cxd4 8.Nxd4 Bc5
9.Qd2 Bxd4 10.Bxd4 Nxd4 11.Qxd4 Qb6 12.Qxb6 Nxb6 13.Nb5 Ke7 14.b3 g5 15.Bd3 gxf4
16.O-O Nd7 17.Rae1 Rg8 18.Rxf4 Rg5 19.h4 Rxe5 20.Ref1 f5 21.g4 Nc5 22.gxf5 exf5
23.Bxf5 Bxf5 24.Rxf5 Rg8+ 25.Kh2 Re2+ 26.R1f2 Rxf2+ 27.Rxf2 Ne4 28.Rf5 Nf6
29.Nxa7 Ra8 30.Nb5 Rxa2 31.Nd4 Ra1 32.Re5+  1/2-1/2

[Event "ITA-chT"]
[Site "ITA"]
[Date "1993.??.??"]
[Round "1"]
[White "Voltolini, Giuseppe"]
[Black "Vezzosi, Paolo"]
[Result "0-1"]
[WhiteElo "2325"]
[BlackElo "2305"]

1.e4 e6 2.d4 d5 3.Nc3 Nf6 4.e5 Nfd7 5.f4 c5 6.Nf3 Nc6 7.Be3 a6 8.Qd2 b5 9.dxc5 Bxc5
10.Bxc5 Nxc5 11.Qf2 Qb6 12.Bd3 f6 13.O-O O-O 14.Kh1 d4 15.Bxh7+ Kxh7 16.Qh4+ Kg8
17.Ng5 fxg5 18.fxg5 Rxf1+ 19.Rxf1 Nxe5 20.g6 Nxg6 21.Qh5 Bb7 22.Qxg6 Rf8
23.Rxf8+ Kxf8 24.Ne2 Qd6  0-1

[Event "Katowice op"]
[Site "Katowice"]
[Date "1993.??.??"]
[Round "1"]
[White "Struk, Jerzy"]
[Black "Nikolenko, Oleg"]
[Result "0-1"]
[WhiteElo "2155"]
[BlackElo "2460"]

1.e4 e6 2.d4 d5 3.Nc3 Nf6 4.e5 Nfd7 5.f4 c5 6.Nf3 Nc6 7.Be3 cxd4 8.Nxd4 Qb6
9.Qd2 Qxb2 10.Rb1 Qa3 11.Bb5 Nxd4 12.Bxd4 Bb4 13.O-O O-O 14.Rb3 Qa5 15.Rfb1 Qxb5
16.Rxb4 Qc6 17.Qf2 f6 18.Qe3 fxe5 19.Bxe5 Nxe5 20.Qxe5 b6 21.Nb5 Qxc2 22.Nd4 Qe4
23.Qxe4 dxe4 24.g3 e5 25.fxe5 Re8 26.Re1 Rxe5 27.Nf3 Ra5 28.Rbxe4 Bb7 29.R4e3 Rxa2
30.Rf1 Rf8  0-1

[Event "Kecskemet"]
[Site "Kecskemet"]
[Date "1993.??.??"]
[Round "13"]
[White "Fogarasi, Tibor"]
[Black "Luther, Thomas"]
[Result "1/2-1/2"]
[WhiteElo "2440"]
[BlackElo "2480"]

1.e4 e6 2.d4 d5 3.Nc3 Nf6 4.e5 Nfd7 5.f4 c5 6.Nf3 Nc6 7.Be3 cxd4 8.Nxd4 Bc5
9.Qd2 O-O 10.O-O-O a6 11.h4 Nxd4 12.Bxd4 b5 13.Rh3 b4 14.Na4 Bxd4 15.Qxd4 a5
16.Bb5 Rb8 17.Bd3 Qc7 18.h5 Bb7 19.g4 Rfc8 20.Rh2 Qc6 21.b3 Ba6 22.Bxa6 Qxa6
23.f5 Qc6 24.Qf4 Qc7 25.Re2 Re8 26.h6 g6 27.Qd4 Rbc8 28.Rf1 Rf8 29.Kb2 Nc5
30.Nxc5 Qxc5 31.Qxc5 Rxc5 32.Ref2 Rfc8 33.Kb1 exf5 34.gxf5 gxf5 35.Rg1+ Kh8
36.Rg7 d4 37.Rxf7 Rxe5 38.R2xf5 Rxf5 39.Rxf5 Kg8 40.Rxa5 Rc6 41.Rd5 Rxh6
42.Rxd4 Rb6 43.Kb2 Kf7 44.c3 bxc3+ 45.Kxc3 h5 46.a4 Rh6 47.Rh4 Ke6 48.a5 Kd5
49.b4 Rh8 50.Kb3 Kc6 51.Ka4 Rh6 52.b5+ Kb7 53.Kb4 Ka7 54.Kc5 Kb7 55.Kd5 Rh8
56.Kc4 Ka7 57.Kb3 Rh7 58.Kc3 Rh8 59.Kd3 Kb7 60.Kd4 Ka7 61.Ke4 Kb7 62.Kd5 Ka7
63.Kc6 Rc8+ 64.Kd6 Rh8 65.Ke6 Kb7 66.Kd5  1/2-1/2

[Event "La Coruna op"]
[Site "La Coruna"]
[Date "1993.??.??"]
[Round "?"]
[White "Rivera, Daniel"]
[Black "Jurkovic, Ante"]
[Result "1/2-1/2"]
[WhiteElo "2415"]
[BlackElo "2290"]

1.e4 e6 2.d4 d5 3.Nc3 Nf6 4.e5 Nfd7 5.f4 c5 6.Nf3 Nc6 7.Be3 cxd4 8.Nxd4 Bc5
9.Qd2 Nxd4 10.Bxd4 O-O 11.O-O-O a6 12.h4 b5 13.h5 b4 14.Ne2 a5 15.Bxc5 Nxc5
16.Qe3 Qc7 17.Kb1 a4 18.Ng3 a3 19.b3 Ba6 20.Rd4 Rac8 21.Qd2 Rfd8 22.Bxa6 Nxa6
23.Ne2 Rb8 24.Rc1 Rdc8 25.c4 bxc3 26.Rxc3 Qe7 27.g3 h6 28.Rdd3 Nc5 29.Qc2 Qf8
30.Rd1 Ne4 31.Rc7  1/2-1/2

[Event "Las Palmas-C"]
[Site "Las Palmas"]
[Date "1993.??.??"]
[Round "6"]
[White "Danailov, Silvio"]
[Black "Perez, Pedro Tomas"]
[Result "0-1"]
[WhiteElo "2440"]
[BlackElo "2170"]

1.e4 e6 2.d4 d5 3.Nc3 Nf6 4.e5 Nfd7 5.f4 c5 6.Nf3 Nc6 7.Be3 a6 8.Qd2 cxd4
9.Nxd4 Nxd4 10.Bxd4 b5 11.Bd3 Nc5 12.O-O b4 13.Ne2 Nxd3 14.cxd3 Be7 15.Rfc1 O-O
16.Qe3 Rb8 17.Bc5 Bb7 18.Bxe7 Qxe7 19.Nd4 Rbc8 20.f5 exf5 21.Nxf5 Rxc1+ 22.Rxc1 Qe6
23.Qg5 g6 24.Nd6 Ba8 25.d4 f6 26.Qh6 Qg4 27.Qd2 fxe5 28.dxe5 d4 29.Rc4 Bxg2  0-1

[Event "Lippstadt"]
[Site "Lippstadt"]
[Date "1993.??.??"]
[Round "?"]
[White "Lau, Ralf"]
[Black "Kindermann, Stefan"]
[Result "1/2-1/2"]
[WhiteElo "2530"]
[BlackElo "2495"]

1.e4 e6 2.d4 d5 3.Nc3 Nf6 4.e5 Nfd7 5.f4 c5 6.Nf3 Nc6 7.Be3 cxd4 8.Nxd4 Bc5
9.Qd2 Nxd4 10.Bxd4 Bxd4 11.Qxd4 Qb6 12.Qxb6 Nxb6 13.Nb5 Ke7 14.O-O-O Bd7
15.Nd4 Na4 16.Bd3 Nc5 17.Rde1 h5 18.g3 Rag8 19.h4 g6 20.Rh2 Rc8  1/2-1/2

[Event "Ljubljana op"]
[Site "Ljubljana"]
[Date "1993.??.??"]
[Round "?"]
[White "Justin, Matijaz"]
[Black "Zorman, Vojko"]
[Result "1-0"]
[WhiteElo "2385"]
[BlackElo "2325"]

1.e4 e6 2.d4 d5 3.Nc3 Nf6 4.e5 Nfd7 5.f4 c5 6.Nf3 Nc6 7.Be3 cxd4 8.Nxd4 Nxd4
9.Bxd4 Nb8 10.Qd2 Nc6 11.Bb5 Bd7 12.Bxc6 bxc6 13.Na4 Be7 14.O-O O-O 15.b4 f6
16.Qc3 a5 17.Nc5 axb4 18.Qxb4 Bc8 19.a4 Ba6 20.exf6 Rxf6 21.Rf2 Rb8 22.Qc3 Bc8
23.Nd3 Rh6 24.Bxg7 Rg6 25.Bd4 Bd7 26.Ne5 Bb4 27.Qe3 Rg7 28.Nxd7 Rxd7 29.Qxe6+ Rf7
30.Qe5 Kf8 31.Re2  1-0

[Event "POL-chT"]
[Site "Lubniewice"]
[Date "1993.??.??"]
[Round "?"]
[White "Maciejewski, Miroslaw"]
[Black "Gleizerov, Evgeny"]
[Result "1/2-1/2"]
[WhiteElo "2400"]
[BlackElo "2525"]

1.e4 e6 2.d4 d5 3.Nc3 Nf6 4.e5 Nfd7 5.f4 c5 6.Nf3 Nc6 7.Be3 a6 8.Qd2 b5 9.dxc5 Bxc5
10.Bxc5 Nxc5 11.Qf2 Qb6 12.Bd3 Rb8 13.O-O Na4 14.Nxa4 bxa4 15.Qxb6 Rxb6 16.b3 Bd7
17.Kf2 Ke7 18.Ke3 h6 19.h4 Rc8 20.h5 Nb4 21.Nd4 Bb5 22.bxa4 Bxa4 23.Rfb1 Rcb8
24.Rb2 Nc6 25.Nxc6+ Bxc6 26.Rxb6 Rxb6 27.Kd4 Be8 28.a3 f5 29.exf6+ Kxf6 30.g4 Bb5
31.Rb1 Rc6 32.Re1 Bxd3 33.cxd3 Rb6 34.Re5 Rb3  1/2-1/2

[Event "Wch Team"]
[Site "Luzern"]
[Date "1993.??.??"]
[Round "9"]
[White "Franzoni, Giancarlo"]
[Black "Vakhidov, Tahir"]
[Result "1-0"]
[WhiteElo "2440"]
[BlackElo "2470"]

1.e4 e6 2.d4 d5 3.Nc3 Nf6 4.e5 Nfd7 5.f4 c5 6.Nf3 Nc6 7.Be3 a6 8.Qd2 b5 9.dxc5 Bxc5
10.Bxc5 Nxc5 11.Bd3 Qb6 12.Qf2 Rb8 13.O-O b4 14.Ne2 a5 15.Ned4 Nxd4 16.Nxd4 a4
17.Rad1 O-O 18.b3 a3 19.Qe3 Ne4 20.Bxe4 dxe4 21.Rf2 Rd8 22.Rfd2 h6 23.Kf2 Ba6
24.Ne2 Rxd2 25.Rxd2 Qc7 26.Qxe4 Bb7 27.Qe3 Qc6 28.Qg3 Rc8 29.Nd4 Qe4 30.Kg1 Rc3
31.Qf2 g5 32.fxg5 Qxe5 33.gxh6 f5 34.Rd3 Rxd3 35.cxd3 Kh7 36.h3 f4 37.Nc2 Kxh6
38.Nxb4 Qa1+ 39.Kh2 Qe5 40.Qh4+ Kg6 41.Qg4+ Kf7 42.Nc2 f3+ 43.Qg3 Qc5 44.Qf4+ Kg6
45.Ne3 fxg2 46.d4 g1=Q+ 47.Kxg1 Qc1+ 48.Kf2 Qd2+ 49.Kg3 Qxa2 50.Ng4 Qg2+
51.Kh4 Qe4 52.Qf6+ Kh7 53.Qf7+ Kh8 54.Qf8+ Kh7 55.Qxa3 Kg6 56.Qb2 Bd5 57.b4 Qe1+
58.Qf2 Qxf2+ 59.Nxf2 Kf5 60.Kg3 Bc4 61.Kf3 e5 62.Ke3 Bd5 63.b5 Bg2 64.b6 exd4+
65.Kxd4 Bb7 66.Kc5 Ke6 67.Ng4 Kf5 68.Kd6 Kf4 69.Kc7 Bf3 70.b7 Bxb7 71.Kxb7 Kg3
72.Nf2  1-0

[Event "Lyon op"]
[Site "Lyon"]
[Date "1993.??.??"]
[Round "5"]
[White "Mitkov, Nikola"]
[Black "Lupu, Mircea Sergiu"]
[Result "1-0"]
[WhiteElo "2505"]
[BlackElo "2435"]

1.e4 e6 2.Nc3 d5 3.d4 Nf6 4.e5 Nfd7 5.f4 c5 6.Nf3 Nc6 7.Be3 a6 8.Qd2 Be7
9.dxc5 Nxc5 10.Qf2 Qa5 11.Qd2 O-O 12.Bd3 Rd8 13.Nd4 f6 14.O-O fxe5 15.Nxc6 bxc6
16.Nxd5  1-0

[Event "Lyon op"]
[Site "Lyon"]
[Date "1993.??.??"]
[Round "7"]
[White "Murrey, Jacob"]
[Black "Pytel, Krzysztof"]
[Result "1-0"]
[WhiteElo "2530"]
[BlackElo "2425"]

1.e4 e6 2.d4 d5 3.Nc3 Nf6 4.e5 Nfd7 5.f4 c5 6.Nf3 Nc6 7.Be3 a6 8.a3 cxd4
9.Nxd4 Bc5 10.g3 Qc7 11.Nce2 h5 12.c3 h4 13.Bg2 Be7 14.O-O Nc5 15.Rc1 hxg3
16.hxg3 Bd7 17.b4 Na4 18.Qxa4 Nxd4 19.cxd4 Qxc1 20.Qxd7+ Kxd7 21.Rxc1 Rac8
22.f5 Rxc1+ 23.Bxc1 Rc8 24.Kf2 Rc2 25.Ke1 Ra2 26.fxe6+ fxe6 27.Bh3 g5 28.Kd1 a5
29.bxa5 Bd8 30.Nc3 Rh2 31.Bg4 Rg2 32.Ne2 Rh2 33.Bd2 Rh1+ 34.Kc2 Ra1 35.Bb4 Rh1
36.Kd2 Rh2 37.Ke3 Rg2 38.Kf3 Rh2 39.Nc3 Rd2 40.Nxd5 Rxd4 41.Nf6+ Kc6 42.Bxe6 Bc7
43.Ng4 Rd3+ 44.Ke4 Rxg3 45.Nf6 Bd8 46.Bd7+ Kc7 47.Bd6+  1-0

[Event "Montpellier"]
[Site "Montpellier"]
[Date "1993.??.??"]
[Round "?"]
[White "Slobodjan, Roman"]
[Black "Bricard, Emmanuel"]
[Result "1/2-1/2"]
[WhiteElo "2435"]
[BlackElo "2440"]

1.e4 e6 2.d4 d5 3.Nc3 Nf6 4.e5 Nfd7 5.f4 c5 6.Nf3 Nc6 7.Be3 cxd4 8.Nxd4 Bc5
9.Qd2 O-O 10.O-O-O a6 11.h4 Bxd4 12.Bxd4 b5 13.h5 b4 14.Na4 Qa5 15.b3 Nxd4
16.Qxd4 Bb7 17.f5 Qc7 18.Re1 Bc6 19.Nb2 Rfc8 20.Qxb4 Bb5 21.Qd2 Nc5 22.f6 Ne4
23.Rxe4 dxe4 24.Nc4 gxf6 25.Qh6 Bxc4 26.exf6 Qg3 27.Rh3 Qg4 28.Rh4 Qg3 29.Rh3 Qg4  1/2-1/2

[Event "Munich op9293"]
[Site "Munich"]
[Date "1993.??.??"]
[Round "4"]
[White "Schmidt Schaeffer, Sebastian"]
[Black "Landenbergue, Claude"]
[Result "1-0"]
[WhiteElo "2260"]
[BlackElo "2390"]

1.e4 e6 2.d4 d5 3.Nc3 Nf6 4.e5 Ne4 5.Bd3 Nxc3 6.bxc3 c5 7.Nf3 Be7 8.O-O O-O
9.Be3 c4 10.Be2 Nc6 11.Ne1 Rb8 12.a4 a6 13.f4 f5 14.exf6 Bxf6 15.Nf3 b5 16.axb5 axb5
17.Qd2 Qe7 18.Ne5 Bxe5 19.fxe5 Bd7 20.Bg5 Rxf1+ 21.Rxf1 Qa3 22.Bf6 Qf8 23.Bh5 Ne7
24.Bg5 Nf5 25.g4  1-0

[Event "Munich op9293"]
[Site "Munich"]
[Date "1993.??.??"]
[Round "7"]
[White "Maier, Alexander"]
[Black "Landenbergue, Claude"]
[Result "0-1"]
[WhiteElo "2310"]
[BlackElo "2390"]

1.e4 e6 2.d4 d5 3.Nc3 Nf6 4.e5 Nfd7 5.f4 c5 6.Nf3 Nc6 7.Be3 a6 8.Qd2 b5 9.Qf2 Qb6
10.dxc5 Bxc5 11.Bxc5 Qxc5 12.Bd3 Bb7 13.Ne2 Qb4+ 14.c3 Qxb2 15.O-O Qa3 16.Qg3 g6
17.Nfd4 Rc8 18.Rad1 Nxd4 19.cxd4 Qxa2 20.Qg5 Qa3 21.Rf3 Qe7 22.Qh6 Kd8 23.Rh3 Rc7
24.Rf1 Kc8 25.Qg5 Nb6 26.Qg3 Kb8 27.Qe1 Nc4 28.Nc1 h5 29.Nb3 Rhc8 30.Rhf3 Qa3
31.Nc5 Qb2 32.Qf2 Qxf2+ 33.R3xf2 Rxc5 34.dxc5 Rxc5 35.Rb1 a5 36.Ra2 b4 37.Kf2 Kc7
38.g3 Na3 39.Rd1 Kb6 40.Ke3 Rc3 41.Ke2 Ba6 42.Bxa6 Kxa6 43.Rd3 Rc1 44.h3 Rh1
45.Kf3 Nc4 46.Kg2 Rb1 47.g4 b3  0-1

[Event "FRA-ch"]
[Site "Nantes"]
[Date "1993.??.??"]
[Round "2"]
[White "Lamoureux, Charles"]
[Black "Bricard, Emmanuel"]
[Result "0-1"]
[WhiteElo "2380"]
[BlackElo "2440"]

1.e4 e6 2.d4 d5 3.Nc3 Nf6 4.e5 Nfd7 5.f4 c5 6.Nf3 Nc6 7.Be3 cxd4 8.Nxd4 Bc5
9.Qd2 O-O 10.O-O-O a6 11.h4 Bxd4 12.Bxd4 b5 13.Rh3 b4 14.Na4 Qa5 15.b3 Nxd4
16.Qxd4 Bb7 17.c3 Rfc8 18.Kb2 bxc3+ 19.Rxc3 Rxc3 20.Qxc3 Qd8 21.g3 Rc8 22.Qb4 Bc6
23.Rc1 a5 24.Qd4 Bxa4 25.Rxc8 Qxc8 26.Qxa4 Qc7 27.Qd4 Nc5 28.Bb5 Ne4 29.Qe3 h6
30.Bf1 Kf8 31.Bg2 Nc5 32.Bf1 Ke7 33.Qd4 Qb6 34.Kc2 Kd7 35.Bd3 Kc6 36.Qc3 Qb4
37.Kd2 d4 38.Qxb4 axb4 39.Bh7 Kd5  0-1

[Event "FRA-ch (Women)"]
[Site "Nantes"]
[Date "1993.??.??"]
[Round "11"]
[White "Mora, Virginie"]
[Black "Gervais, Claire"]
[Result "1/2-1/2"]
[WhiteElo "2165"]
[BlackElo "2215"]

1.e4 e6 2.d4 d5 3.Nc3 Nf6 4.e5 Nfd7 5.f4 c5 6.Nf3 Nc6 7.Be3 cxd4 8.Nxd4 Bc5
9.Qd2 Bxd4 10.Bxd4 Nxd4 11.Qxd4 a6 12.O-O-O Qb6 13.Qxb6 Nxb6 14.h4 Ke7 15.Rh3 h5
16.Ne2 Na4 17.Nd4 Bd7 18.Be2 g6 19.g4 hxg4 20.Bxg4 Nc5 21.Bf3 Rac8 22.Kd2 Na4
23.Kc1 b5 24.h5 gxh5 25.Rxh5 Rxh5 26.Bxh5 Rg8 27.Bf3 f6 28.exf6+ Kxf6 29.Rh1 Ke7
30.c3 Rf8 31.Rh4 Nc5 32.Kd2 a5 33.a3 Rb8 34.b4 axb4 35.axb4 Na4 36.Be2 Nb2
37.Nb3 Na4 38.Nd4 Kd6 39.Rh7 Nb2 40.Rh6 Na4 41.f5 Rc8 42.fxe6 Be8 43.Nf5+ Ke5
44.Ng7 Nxc3 45.Bd3 Na2 46.Rh8 Nxb4 47.Bg6 Kf6 48.Nxe8+ Kxg6 49.Rg8+ Kh6  1/2-1/2

[Event "Odorheiu Secuiesc op"]
[Site "Odorheiu Secuiesc"]
[Date "1993.??.??"]
[Round "7"]
[White "Racasan, Sebastian"]
[Black "Nicula, Marius"]
[Result "0-1"]
[WhiteElo "2215"]
[BlackElo "2300"]

1.e4 e6 2.d4 d5 3.Nc3 Nf6 4.e5 Nfd7 5.f4 c5 6.dxc5 Nc6 7.Nf3 Bxc5 8.Bd3 a6
9.Ng5 Qe7 10.a3 b5 11.Qh5 Bb7 12.Bd2 g6 13.Qg4 Nb6 14.b3 b4 15.axb4 Nxb4
16.Qe2 Rc8 17.Nf3 Qc7 18.Rc1 Qe7 19.Nd1 O-O 20.Bxb4 Bxb4+ 21.c3 d4 22.O-O dxc3
23.Kh1 Nd5 24.Ng5 Nxf4 25.Qg4 Bxg2+ 26.Kg1 Bxf1 27.Bxf1 Qc5+ 28.Nf2 Qxe5
29.Nf3 Qf5 30.Bxa6 Qxg4+ 31.Nxg4 c2 32.Kf2 Rc3 33.Nf6+ Kg7 34.Ne4 Nd3+ 35.Bxd3 Rxd3
36.Rxc2 Rxb3 37.h4 Ra3 38.Kg3 Rd8 39.Rc7 Rdd3  0-1

[Event "Odorheiu Secuiesc op"]
[Site "Odorheiu Secuiesc"]
[Date "1993.??.??"]
[Round "10"]
[White "Ghinda, Mihail Viorel"]
[Black "Lupu, Mircea Sergiu"]
[Result "1/2-1/2"]
[WhiteElo "2450"]
[BlackElo "2435"]

1.e4 e6 2.d4 d5 3.Nc3 Nf6 4.e5 Nfd7 5.f4 c5 6.Nf3 Nc6 7.Be3 a6 8.Qd2 Be7
9.dxc5 Nxc5 10.Bd3 Nxd3+ 11.Qxd3 Bd7 12.Ne2 Qa5+ 13.c3 O-O 14.h4 f6 15.Ned4 fxe5
16.Nxc6 bxc6 17.Nxe5 Be8 18.b4 Qc7 19.h5 a5 20.h6 g6 21.Qd2 axb4 22.cxb4 Ra4
23.Nd3 Bf6 24.Rc1  1/2-1/2

[Event "Osijek"]
[Site "Osijek"]
[Date "1993.??.??"]
[Round "11"]
[White "Lau, Ralf"]
[Black "Kovacevic, Vlatko"]
[Result "1/2-1/2"]
[WhiteElo "2510"]
[BlackElo "2475"]

1.e4 e6 2.d4 d5 3.Nc3 Nf6 4.e5 Nfd7 5.f4 c5 6.Nf3 Nc6 7.Be3 a6 8.Qd2 cxd4
9.Nxd4 Bc5 10.O-O-O O-O 11.h4 Bxd4 12.Bxd4 b5 13.Rh3 b4 14.Na4 a5 15.h5 Nxd4
16.Qxd4 f6 17.exf6 Qxf6 18.Qxf6 Nxf6 19.Nb6  1/2-1/2

[Event "Ostend op"]
[Site "Ostend"]
[Date "1993.??.??"]
[Round "8"]
[White "Lau, Ralf"]
[Black "Barsov, Alexei"]
[Result "1-0"]
[WhiteElo "2510"]
[BlackElo "2445"]

1.e4 e6 2.d4 d5 3.Nc3 Nf6 4.e5 Nfd7 5.f4 c5 6.Nf3 Nc6 7.Be3 a6 8.Qd2 cxd4
9.Nxd4 Bc5 10.O-O-O O-O 11.h4 Qc7 12.Rh3 Nxd4 13.Bxd4 b5 14.Kb1 Bb7 15.h5 Rfc8
16.g4 b4 17.Ne2 Bf8 18.g5 a5 19.g6 fxg6 20.hxg6 h6 21.Re3 Nc5 22.Bh3 Ra6
23.Ng3 a4 24.Rc1 Rc6 25.Bg2 b3 26.Rc3 bxa2+ 27.Ka1 a3 28.Rxa3 Ne4 29.Nxe4 Bxa3
30.Nf6+ Kh8 31.c3 Bc5 32.Rh1 Qe7 33.f5 Qf8 34.Nd7 Qxf5 35.Be4  1-0

[Event "Ostend op"]
[Site "Ostend"]
[Date "1993.??.??"]
[Round "8"]
[White "Wood, David A"]
[Black "Schmittdiel, Eckhard"]
[Result "1/2-1/2"]
[WhiteElo "2270"]
[BlackElo "2410"]

1.e4 e6 2.d4 d5 3.Nc3 Nf6 4.e5 Nfd7 5.f4 a6 6.Nf3 b5 7.Be3 b4 8.Na4 Bb7 9.b3 Bc6
10.Nb2 Bb5 11.Nd3 Nc6 12.Qd2 a5 13.Be2 Ne7 14.O-O h5 15.c3 Nf5 16.Bf2 Be7
17.cxb4 axb4 18.Rfc1 c6 19.Rc2 Qb6  1/2-1/2

[Event "Pardubice op"]
[Site "Pardubice"]
[Date "1993.??.??"]
[Round "5"]
[White "Shmuter, Leonid"]
[Black "Grabuzova, Tatiana"]
[Result "1-0"]
[WhiteElo "2455"]
[BlackElo "2275"]

1.e4 e6 2.d4 d5 3.Nc3 Nf6 4.e5 Nfd7 5.f4 c5 6.Nf3 Nc6 7.Be3 a6 8.Qd2 b5 9.dxc5 Qa5
10.Bd3 Bxc5 11.Bxc5 Nxc5 12.O-O Na4 13.Nxa4 Qxd2 14.Nxd2 bxa4 15.c3 Bd7 16.b4 O-O
17.a3 Ne7 18.c4 dxc4 19.Nxc4 Bb5 20.Rad1 Nd5 21.Rf3 Nc3 22.Bxh7+ Kxh7 23.Rxc3 Rac8
24.Rdc1 f6 25.exf6 Rxf6 26.g3 Rd8 27.Ne5 Rff8 28.Nf3 Kg6 29.Re1 Kf6 30.Kg2 Rd5
31.h4 Rfd8 32.Ng5 Rd2+ 33.Kf3 R2d3+ 34.Rxd3 Rxd3+ 35.Re3 Bc6+ 36.Ke2 Rd6
37.Ne4+ Bxe4 38.Rxe4 Rd5 39.g4 g6 40.Rc4 a5 41.bxa5 Rxa5 42.Kf3 e5 43.Rc6+ Kf7
44.fxe5 Rxe5 45.Ra6 Re1 46.Kf4 Rc1 47.Rxa4 Rc5 48.Rb4 Ra5 49.a4 Ke6 50.Rd4 Rc5
51.Re4+ Kd6 52.Re1 Rc4+ 53.Kg5 Rxa4 54.h5 gxh5 55.Kxh5 Ra2 56.g5 Rh2+ 57.Kg6 Rg2
58.Kf6 Rf2+ 59.Kg7 Rg2 60.g6 Kd7  1-0

[Event "Paris-ch"]
[Site "Paris"]
[Date "1993.??.??"]
[Round "7"]
[White "Jaulin, Marc"]
[Black "Bouverot, Oliver"]
[Result "1/2-1/2"]
[WhiteElo "2260"]
[BlackElo "2220"]

1.e4 e6 2.d4 d5 3.Nc3 Nf6 4.e5 Nfd7 5.f4 c5 6.Nf3 Nc6 7.Be3 a6 8.Qd2 b5 9.dxc5 Nxc5
10.Bd3 Be7 11.Qf2 Nxd3+ 12.cxd3 f6 13.O-O O-O 14.Nd4 Nxe5 15.fxe5 fxe5 16.Qg3 exd4
17.Bxd4 Bf6 18.Rxf6 Rxf6 19.Bxf6 Qxf6 20.Qc7 Qf7 21.Qd8+  1/2-1/2

[Event "Podgorica"]
[Site "Podgorica"]
[Date "1993.??.??"]
[Round "11"]
[White "Zontakh, Andrey"]
[Black "Drasko, Milan"]
[Result "0-1"]
[WhiteElo "2455"]
[BlackElo "2475"]

1.e4 e6 2.d4 d5 3.Nc3 Nf6 4.e5 Nfd7 5.f4 c5 6.Nf3 a6 7.Be3 Qb6 8.Qd2 Qxb2
9.Rb1 Qa3 10.Be2 Nc6 11.f5 cxd4 12.Nxd4 Nxd4 13.Bxd4 Bc5 14.fxe6 fxe6 15.Rf1 Bxd4
16.Qxd4 Qc5 17.Qd2 Rf8 18.Rb3 d4 19.Rxf8+ Kxf8 20.Ne4 Qxe5 21.Rf3+ Ke8 22.Ng5 Nf6
23.Rd3 Bd7 24.Rxd4 Bc6 25.c4 h6 26.Nf3 Qc5 27.Qe3 Ke7 28.g4 Rd8 29.Rd3 Qxe3
30.Rxe3 Nxg4 31.Rb3 Kf6 32.h3 Ne5 33.Nxe5 Kxe5 34.Rg3 g5 35.h4 gxh4 36.Rg6 Rd4
37.Rxh6 Rf4 38.Kd2 Bg2  0-1

[Event "Polanica Zdroj op"]
[Site "Polanica Zdroj"]
[Date "1993.??.??"]
[Round "4"]
[White "Jaracz, Pawel"]
[Black "Schmidt, Wlodzimierz"]
[Result "0-1"]
[WhiteElo "2345"]
[BlackElo "2440"]

1.e4 e6 2.d4 d5 3.Nc3 Nf6 4.e5 Nfd7 5.f4 c5 6.Nf3 Nc6 7.Be3 cxd4 8.Nxd4 Bc5
9.Qd2 O-O 10.O-O-O a6 11.g4 Bxd4 12.Bxd4 b5 13.g5 b4 14.Ne2 a5 15.Kb1 Ba6
16.Ng3 Qc7 17.Bf2 Bxf1 18.Rhxf1 Rfc8 19.Bg1 a4 20.Rf3 Na5 21.Bd4 b3 22.cxb3 axb3
23.axb3 Qb7 24.Qe3 Rcb8 25.Kc2 Qc6+ 26.Qc3 Qb7 27.b4 Rc8 28.bxa5 Rxa5 29.Qxc8+ Qxc8+
30.Rc3 Qb7 31.Rc1 Ra4 32.Kd3 Qb5+ 33.Ke3 Rc4 34.b3 Rxc3+ 35.Rxc3 h6 36.gxh6 gxh6
37.f5 Qb8 38.fxe6 fxe6 39.Kf4 Nf8 40.Kg4 Ng6 41.Re3 Qf8 42.Ne2 Qf2 43.Kh3 Kh7
44.Ng3 h5 45.Ne2 Qf1+ 46.Kg3 h4+  0-1

[Event "RL-chC"]
[Site "Polch"]
[Date "1993.??.??"]
[Round "?"]
[White "Pax, Horst"]
[Black "Mattern, Markus"]
[Result "1-0"]
[WhiteElo "2005"]
[BlackElo "1860"]

1.e4 e6 2.d4 d5 3.Nc3 Nf6 4.e5 Nfd7 5.f4 c5 6.Nf3 Nc6 7.Be3 cxd4 8.Nxd4 Bc5
9.Qd2 Nxd4 10.Bxd4 Bxd4 11.Qxd4 Qb6 12.Qxb6 Nxb6 13.Nb5 Ke7 14.O-O-O Bd7
15.Nd4 Rac8 16.b3 f5 17.Bd3 Rcg8 18.g3 g5 19.Rdg1 h5 20.Kd2 Rg7 21.Ke3 g4
22.h3 Rgh7 23.Rh2 Be8 24.Rgh1 Bg6 25.Kd2 a6 26.a4 Nd7 27.hxg4 hxg4 28.Rxh7+ Rxh7
29.Rxh7+ Bxh7 30.b4 Nb6 31.a5 Na8 32.Nb3 Bg6 33.Nc5 b6 34.Nxa6 Be8 35.Nc7 Nxc7
36.axb6  1-0

[Event "Porz op29"]
[Site "Porz"]
[Date "1993.??.??"]
[Round "3"]
[White "Hilmer, Frank"]
[Black "Giese, Reinhard"]
[Result "1-0"]
[WhiteElo "1930"]
[BlackElo "2170"]

1.e4 e6 2.d4 d5 3.Nc3 Nf6 4.e5 Nfd7 5.Nf3 c5 6.dxc5 Bxc5 7.Bd3 Nc6 8.Bf4 a6
9.O-O Qc7 10.Re1 Nd4 11.Bg3 Nxf3+ 12.Qxf3 Qc6 13.Ne2 b5 14.Qg4 g6 15.Nd4 Qb6
16.c3 Bb7 17.Bh4 b4 18.Nb3 Bf8 19.Bg5 Bg7 20.Be3 Nxe5 21.Qg3 Qd8 22.Bd4 f6
23.Nc5 Bc8 24.f4 Nxd3 25.Qxd3 Kf7 26.cxb4 Re8 27.Qc3 Qd6 28.Rf1 Kf8 29.Bxf6 d4
30.Qf3 Bxf6 31.Qxa8 d3 32.Qf3 Rd8 33.Rad1 d2 34.Ne4 Qb6+ 35.Kh1 Bxb2 36.Rxd2 Rxd2
37.Nxd2 Qxb4 38.Qa8 Qc5 39.Ne4 Qc7 40.Ng3 Kg7 41.Qe4 Kf6 42.Qb4  1-0

[Event "Porz op29"]
[Site "Porz"]
[Date "1993.??.??"]
[Round "8"]
[White "Hilmer, Frank"]
[Black "Gazic, Josip"]
[Result "1/2-1/2"]
[WhiteElo "1930"]
[BlackElo "2375"]

1.e4 e6 2.d4 d5 3.Nc3 Nf6 4.e5 Nfd7 5.Nf3 c5 6.dxc5 Nc6 7.Bf4 Bxc5 8.Bd3 f5
9.exf6 Nxf6 10.O-O O-O 11.Qe2 a6 12.Rad1 Nb4 13.Bg3 Nxd3 14.Qxd3 b5 15.Rfe1 Qb6
16.Nd4 Ra7 17.Nb3 Bd6 18.Qd4 Qxd4 19.Nxd4 Bxg3 20.hxg3 Re8 21.a3 Rc7 22.Nf3 Bb7
23.Rd2 h6 24.Ne5 Nd7 25.Nxd7 Rxd7 26.Red1 Kf7 27.f4 Rc7 28.Ne2 e5 29.fxe5 Rxe5
30.Nd4 Kg6 31.Rf2 Rf7 32.Rxf7 Kxf7 33.Kf2 g5 34.Rd3 Kg6 35.Rf3 Re4 36.c3 Re8  1/2-1/2

[Event "CRO-Cup"]
[Site "Pula"]
[Date "1993.??.??"]
[Round "2"]
[White "Stadler, Brigita"]
[Black "Macek, Vlasta"]
[Result "0-1"]
[WhiteElo "2095"]
[BlackElo "2210"]

1.e4 e6 2.d4 d5 3.Nc3 Nf6 4.e5 Nfd7 5.f4 c5 6.Nf3 Nc6 7.Be3 a6 8.Qd2 b5 9.dxc5 Bxc5
10.O-O-O Qb6 11.Bxc5 Qxc5 12.Bd3 Nb6 13.Kb1 b4 14.Ne2 a5 15.Ned4 Nxd4 16.Nxd4 O-O
17.Nb3 Qc7 18.Qe3 a4 19.Nd4 a3 20.Nb5 Qc6 21.Qd4 axb2 22.Qxb4 Ra4 23.Qd6 Bd7
24.Rhf1 Rfa8 25.Qxc6 Bxc6 26.Nc3 Rb4 27.f5 d4 28.Be4 Bxe4 29.Nxe4 Nc4  0-1

[Event "CRO-Cup"]
[Site "Pula"]
[Date "1993.??.??"]
[Round "4"]
[White "Rogulj, Branko"]
[Black "Dizdar, Goran"]
[Result "1/2-1/2"]
[WhiteElo "2415"]
[BlackElo "2490"]

1.e4 e6 2.d4 d5 3.Nc3 Nf6 4.e5 Nfd7 5.Nce2 c5 6.c3 Nc6 7.Nf3 Qb6 8.g3 cxd4
9.cxd4 f6 10.Bh3 fxe5 11.O-O e4 12.Ng5 Nf6 13.Bxe6 Be7 14.f3 h6 15.Bxc8 Rxc8
16.Ne6 Kf7  1/2-1/2

[Event "CRO-Cup"]
[Site "Pula"]
[Date "1993.??.??"]
[Round "6"]
[White "Mohr, Georg"]
[Black "Zaja, Ivan"]
[Result "0-1"]
[WhiteElo "2435"]
[BlackElo "2395"]

1.e4 e6 2.d4 d5 3.Nc3 Nf6 4.e5 Nfd7 5.f4 c5 6.Nf3 Nc6 7.Be3 a6 8.Qd2 b5 9.dxc5 Nxc5
10.Qf2 Qe7 11.a3 b4 12.axb4 Nxb4 13.O-O-O Qc7 14.Nd4 Qa5 15.Kd2 Bd7 16.g4 Na2
17.Bd3 Nxc3 18.bxc3 Na4 19.Ne2 Nxc3 20.Nxc3 Rc8 21.Ke2 Qxc3 22.Bxa6 Qxc2+
23.Rd2 Qe4 24.Rhd1 Bc5 25.Bd3 Bxe3 26.Bxe4 Bxf2 27.Kxf2 Rc4 28.Bxd5 exd5
29.Rxd5 Bxg4  0-1

[Event "ISD-FRA"]
[Site "Reykjavik"]
[Date "1993.??.??"]
[Round "3"]
[White "Jonsson, Bjorgvin"]
[Black "Bricard, Emmanuel"]
[Result "0-1"]
[WhiteElo "2400"]
[BlackElo "2460"]

1.e4 e6 2.d4 d5 3.Nc3 Nf6 4.e5 Nfd7 5.f4 c5 6.Nf3 Nc6 7.Be3 cxd4 8.Nxd4 Bc5
9.Qd2 O-O 10.O-O-O a6 11.Qf2 Bxd4 12.Bxd4 b5 13.Bd3 b4 14.Ne2 a5 15.Rhe1 Ba6
16.Kb1 a4 17.Be3 b3 18.cxb3 Qa5 19.a3 axb3 20.Nc1 Rfc8 21.Nxb3 Qa4 22.Bxa6 Rxa6
23.Qc2 Na7 24.Rd4 Qb5 25.Rb4 Rxc2 26.Rxb5 Rxb2+ 27.Kxb2 Nxb5 28.Rc1 h5 29.Rc8+ Kh7
30.Nc5 Rxa3 31.Nxd7 Rxe3 32.Rc5 Re2+ 33.Kb3 Nd4+ 34.Kc3 Nf5 35.Nf8+ Kh6 36.Rc7 Rxg2
37.Rxf7 Rxh2 38.Nxe6 Kg6 39.Rd7 h4 40.Rxd5 Rf2 41.Rd3 Kh5 42.Nd4 Rxf4 43.e6 Nxd4
44.Rxd4 Rf8 45.Rd7 Kg6 46.Kd4 Kf6 47.Ke4 h3 48.e7 Rh8 49.Rd2 h2 50.Rxh2 Rxh2
51.e8=N+ Kg6 52.Kf4 Rh4+ 53.Kg3 Rd4 54.Nc7 Kf6 55.Nb5 Rd5 56.Nc7 Rc5 57.Na6 Rc4
58.Kf3 Ke6 59.Ke3 Kd6 60.Kd3 Ra4  0-1

[Event "ROM-chT"]
[Site "ROM"]
[Date "1993.??.??"]
[Round "1"]
[White "Zetocha, Claudiu"]
[Black "Manole, Vasile"]
[Result "0-1"]
[WhiteElo "2350"]
[BlackElo "2270"]

1.e4 e6 2.d4 d5 3.Nc3 Nf6 4.e5 Nfd7 5.f4 c5 6.Nf3 Nc6 7.Be3 Qb6 8.Qd2 Qxb2
9.Rb1 Qa3 10.Be2 a6 11.O-O cxd4 12.Nxd4 Nxd4 13.Bxd4 Bc5 14.Kh1 Bxd4 15.Qxd4 Qc5
16.Qd2 g6 17.Rb3 Qe7 18.Bf3 O-O 19.Bxd5 exd5 20.Nxd5 Qe6 21.f5 Qxe5 22.f6 Kh8
23.Qh6 Rg8 24.Ne7 Nxf6 25.Nxg8 Kxg8 26.Re3 Qb5 27.Qf4 Bf5 28.Re5 Qd7 29.h3 Nh5
30.Qe3 Ng7 31.Re7 Qc6 32.Rd1 Bxh3 33.Qxh3 Nf5 34.Red7 Qxc2 35.Rd8+ Rxd8 36.Rxd8+ Kg7
37.Rd3 Qc1+ 38.Kh2 Qc7+ 39.Kg1  0-1